Loading...
Washington's Pakistan Meltdown
| Main Author: | |
|---|---|
| Language: | Undetermined |
| LEADER | 00404nab a2200121Ia 4500 | ||
|---|---|---|---|
| 008 | 170811c99999999xx |||||||||||| ||und|| | ||
| 100 | |a Dilip Hiro | ||
| 245 | |a Washington's Pakistan Meltdown | ||
| 300 | |a 4-6 | ||
| 773 | |t Mainstream |g Vol. 50 No. 46 (3/11/2012) 2012 | ||
| 942 | |c ART | ||
| 999 | |c 179589 |d 179589 | ||
| 952 | |0 0 |1 0 |4 0 |7 0 |9 245437 |a LIB |b LIB |d 2017-08-13 |h Vol. 50 No. 46 (3/11/2012) 2012 |r 2017-08-13 |w 2017-08-13 |y ART | ||